| 000 | 00886nam a2200253 4500 | ||
|---|---|---|---|
| 001 | 136766 | ||
| 003 | ES-MaACL | ||
| 005 | 20250713063714.0 | ||
| 007 | t| | ||
| 008 | 070214s1966 sp r ||||1| spa d | ||
| 080 | _a821.134.1-31"19" | ||
| 100 | 1 |
_aSagarra, Josep M. de, _d1894-1961 _9101415 |
|
| 245 | 1 | 0 |
_aVida privada / _cJosep Maria de Sagarra ; [traducción, prólogo y notas de José Agustín Goytisolo, Manuel Vázquez Montalbán]. |
| 250 | _a1ª. ed. castellana. | ||
| 260 |
_aBarcelona : _bAymá, _c1966. |
||
| 300 |
_a312 p. ; _c20 cm. |
||
| 490 | 1 | _aColección "Catalunya" | |
| 500 | _aPremi Creixells de novela 1932. | ||
| 700 | 1 |
_aGoytisolo, José Agustín, _d1928- _959420 |
|
| 700 | 0 |
_aVázquez Montalbán, Manuel, _d1939- _9113463 |
|
| 830 | 0 |
_aColección "Catalunya" _9220038 |
|
| 852 |
_aES-MaACL _jC-30532 _bR.60958 |
||
| 999 |
_c136766 _d136766 |
||